01398nam a2200277 u 450000100100000000500170001000800410002702000150006804000250008308200200010810000430012824500490017126000620022030000200028250000410030259000260034365000280036965000310039791000410042895201320046995201320060195201320073395201170086595201230098299900150110500000203620240412074159.0090630s2005 dr r 000 0 spa d a9993494682 aDO-SdBNPbspacBNPHU aRD861.44bL864a1 aLópez Cabral, Dionisio,d1956-9656910aAlegoría vital /cDionisio López Cabral. aSan Francisco de Macorís :bÁngeles de Fierro,c2005. a74 p. ;c19 cm. aIncluye datos biográficos de autor aInventariado, 2018/LP 0aPoesía dominicana966 0aLiteratura dominicana.967 aValidado. Control de calidad MMOLINA 001054708DSaGRbGRcHDd2009-07-21iLF1l0oRD861.44 L864ap2036-30r2020-06-25te. 3w2020-06-25yLFDSZPréstamo en sala 001054708DSaGRbGRcHDd2009-07-21iLF1l0oRD861.44 L864ap2036-40r2020-06-25te. 4w2020-06-25yLFDSZPréstamo en sala 001054708DSaGRbGRcHDd2009-07-21iLF1l0oRD861.44 L864ap2036-50r2020-06-25te. 5w2020-06-25yLFDSZPréstamo en sala 0010718PDaPDbPDcHDd2009-06-30iLF1l0oRD861.44 L864ap2036-10r2020-06-25w2020-06-25yLFPDZNo se presta 0010718PDaPDbPDcHDd2009-06-30iLF1l0oRD861.44 L864ap2036-20r2020-06-25te. 2w2020-06-25yLFPDZNo se presta c1901d1901